Economic and Monetary Review

Bibliographic Details
Format: Book
Published: Kuala Lumpur: Bank Negara Malaysia, 2020.
Subjects:
LEADER 00656cam a2200217 7i4500
001 0000036377
005 20200617090000.0
007 ##ta
008 200617
022 0 # |a 2716-6250 
040 # # |a MATR 
090 0 0 |a M 330.959505   |b ECO 
245 0 0 |a Economic and Monetary Review   |c Bank Negara Malaysia. 
264 # 1 |a Kuala Lumpur:   |b Bank Negara Malaysia,   |c 2020. 
300 # # |a 54 pages:   |b illustrations;   |c 30 cm. 
336 # # |a text  |2 rdacontent 
337 # # |a unmediated  |2 rdamedia 
338 # # |a volume  |2 rdacarrier 
650 # 0 |a Economic surveys --   |z Malaysia  
651 # 0 |a Malaysia --   |x Economic conditions  
999 |a 0000041055  |b Book  |c Malaysia  |e Business Information Centre